Patterns of Excellence : (Record no. 1147)

MARC details
000 -LEADER
fixed length control field 00755nac a22002051u 4500
008 - FIXED-LENGTH DATA ELEMENTS--GENERAL INFORMATION
fixed length control field 100919t1999 xxu|||||r|||| 001 0 eng d
020 ## - INTERNATIONAL STANDARD BOOK NUMBER
International Standard Book Number 0273638769
020 ## - INTERNATIONAL STANDARD BOOK NUMBER
International Standard Book Number 978027363876
082 ## - DEWEY DECIMAL CLASSIFICATION NUMBER
Classification number 658.4012
Item number SAM
Edition number 22
100 ## - MAIN ENTRY--PERSONAL NAME
Personal name Samson, Danny.
9 (RLIN) 19477
245 ## - TITLE STATEMENT
Title Patterns of Excellence :
Remainder of title The New Principles of Corporate Success /
Statement of responsibility, etc Danny Samson and David Challis.
260 ## - PUBLICATION, DISTRIBUTION, ETC. (IMPRINT)
Place of publication, distribution, etc Harlow :
Name of publisher, distributor, etc Financial Times Prentice Hall,
Date of publication, distribution, etc 1999.
300 ## - PHYSICAL DESCRIPTION
Extent xv, 256 p. :
Other physical details ill., ports. ;
Dimensions 24 cm.
504 ## - BIBLIOGRAPHY, ETC. NOTE
Bibliography, etc Includes bibliographical references and index.
650 ## - SUBJECT ADDED ENTRY--TOPICAL TERM
Topical term or geographic name as entry element Success in business.
9 (RLIN) 19478
650 ## - SUBJECT ADDED ENTRY--TOPICAL TERM
Topical term or geographic name as entry element Industrial management.
9 (RLIN) 19479
650 ## - SUBJECT ADDED ENTRY--TOPICAL TERM
Topical term or geographic name as entry element Strategic planning.
9 (RLIN) 19480
700 ## - ADDED ENTRY--PERSONAL NAME
Personal name Challis, David.
9 (RLIN) 19481
942 ## - ADDED ENTRY ELEMENTS (KOHA)
Item type Book - Borrowing
Call number prefix 658.4012SAM
Source of classification or shelving scheme Dewey Decimal Classification
Holdings
Withdrawn status Item status Source of classification or shelving scheme Damaged status Not for loan Vendor Home library Current library Shelving location Date acquired Source of acquisition Cost, normal purchase price Total Checkouts Full call number Barcode Date last seen Cost, replacement price Koha item type
    Dewey Decimal Classification       Central Library Central Library First floor 19/09/2010   157.00 2 658.4012 SAM 000003347 15/07/2025 196.25 Book - Borrowing